000 00493nam a2200145Ia 4500
005 20260219133842.0
022 _a2141-6397
050 _aRC962 .A37
245 _aAfrican Journal of Tropical Medicine & Biomedical Research (AJTMBR)
250 _aVol. 7, No. 1
260 _aDelta State
_bCollege of Health Sciences, Delta State University.
_c2024
300 _a108 p. : ill. ; 29 cm.
650 _aEcology--Nigeria--Periodicals. Tropical medicine--Nigeria--Periodicals.
942 _cSR
_2lcc
999 _c37315
_d37315